000 00394nam a2200181Ia 4500
008 151202s9999||||xx |||||||||||||| ||und||
082 _bPNVM-8281
100 _aWILLKIE W.D.
245 _aONE WORLD.
260 _bPUB.LISHERS.
260 _c0
300 _a325
600 _aWILLKIE W.D.
630 _aONE WORLD.
700 _aWILLKIE W.D.
730 _aONE WORLD.
942 _cBOOK
999 _c1274270
_d1274267